| 000 | 00397nam a2200145 i 4500 | ||
|---|---|---|---|
| 001 | 135241 | ||
| 003 | ES-MaACL | ||
| 007 | t| | ||
| 008 | 070712s1955 sp ||||1| spa d | ||
| 100 | 1 |
_aTodoli Duque, José. _9110411 |
|
| 245 | 1 | 0 |
_aFilosofía de la Religión / _cDuque José Todoli. |
| 260 |
_aMadrid : _bGredos, _c1955. |
||
| 300 |
_a570 p. ; _c20 cm. |
||
| 852 |
_aES-MaACL _jC-9648 _bR.37600 |
||
| 999 |
_c135241 _d135241 |
||